Central Library OPAC University of Rajshahi

A new case for the liberal arts / (Record no. 113)

MARC details
000 -LEADER
fixed length control field 00983nam a2200313 a 4500
001 - CONTROL NUMBER
control field 113
003 - CONTROL NUMBER IDENTIFIER
rucl marc code BD-RjUL
005 - DATE AND TIME OF LATEST TRANSACTION
control field 20211208233121.0
008 - FIXED-LENGTH DATA ELEMENTS--GENERAL INFORMATION
fixed length control field 131123s1981 caua b 001 0 eng
020 ## - INTERNATIONAL STANDARD BOOK NUMBER
International Standard Book Number 0875895026
035 ## - SYSTEM CONTROL NUMBER
System control number (BD-RjUL)125
040 ## - CATALOGING SOURCE
Original cataloging agency DLC
Transcribing agency DLC
Modifying agency BD-RjUL
Language of cataloging eng
041 ## - LANGUAGE CODE
Language code of text/sound track or separate title eng
082 00 - DEWEY DECIMAL CLASSIFICATION NUMBER
Classification number 370.112
Edition number 19
Author mark and year WIN 1981
100 1# - MAIN ENTRY--PERSONAL NAME
Personal name Winter, David G.,
9 (RLIN) 370
245 12 - TITLE STATEMENT
Title A new case for the liberal arts /
Statement of responsibility, etc. David G. Winter, David C. McClelland, Abigail J. Stewart.
260 ## - PUBLICATION, DISTRIBUTION, ETC. (IMPRINT)
Place of publication, distribution, etc. San Francisco :
Name of publisher, distributor, etc. Jossey-Bass,
Date of publication, distribution, etc. 1981.
300 ## - PHYSICAL DESCRIPTION
Pagination xxii, 247 p. :
Illustrations ill. ;
Size 24 cm.
504 ## - BIBLIOGRAPHY, ETC. NOTE
Bibliography, etc Includes index
Bibliography, etc Bibliography: p. 219-235.
526 ## - STUDY PROGRAM INFORMATION NOTE
Program name Social Science
Requested Dept. Social Science
650 #0 - SUBJECT ADDED ENTRY--TOPICAL TERM
Topical term or geographic name as entry element Education, Humanistic.
9 (RLIN) 45
700 1# - ADDED ENTRY--PERSONAL NAME
Personal name McClelland, David C.
Fuller form of name (David Clarence)
Personal name Stewart, Abigail J.
942 ## - ADDED ENTRY ELEMENTS (KOHA)
Source of classification or shelving scheme Dewey Decimal Classification
Koha item type Books
Holdings
Lost status Source of classification or shelving scheme Damaged status Not for loan Collection code Permanent Location Current Location Shelving location Date acquired Total Checkouts Full call number Date last seen Copy number Koha item type Source of acquisition
  Dewey Decimal Classification   Not For Loan Non-fiction Central Library, University of Rajshahi Central Library, University of Rajshahi Reading Room 24/10/1972   370.112 WIN 1981 07/11/2013 C-1 Books  
  Dewey Decimal Classification     Non-fiction Central Library, University of Rajshahi Central Library, University of Rajshahi   04/06/1985   370.112 WIN 1981 16/11/2013 C-3 Books  
  Dewey Decimal Classification     Non-fiction Central Library, University of Rajshahi Central Library, University of Rajshahi   27/01/2015   370.112 WIN 1981 27/01/2015 C-2 Books  
  Dewey Decimal Classification     Non-fiction Central Library, University of Rajshahi Central Library, University of Rajshahi   24/10/1992   370.112 WIN 1981 21/06/2016 C-4 Books  
  Dewey Decimal Classification     Non-fiction Central Library, University of Rajshahi Central Library, University of Rajshahi   24/10/1992   370.112 WIN 1981 21/06/2016 C-5 Books  
  Dewey Decimal Classification     Non-fiction Central Library, University of Rajshahi Central Library, University of Rajshahi   24/10/1992   370.112 WIN 1981 21/06/2016 C-6 Books  
  Dewey Decimal Classification     Non-fiction Central Library, University of Rajshahi Central Library, University of Rajshahi   04/06/1985   370.112 WIN 1981 05/01/2017 C-7 Books Asia Foundation